000 00621nam a2200217 4500
001 780735
005 20180123033657.0
008 740129s1973 ilu b 000 0 eng
010 _a 73081695
040 _aDLC
_cDLC
_dDLC
041 _aeng
043 _an-us---
080 _a362.50973 mar
082 0 0 _a362.50973 mar
100 1 _a20
101 _apol
245 1 4 _aThe crime of poverty;
_c[by] Mark G. Arnold [and] Greg Rosenbaum.
504 _aIncludes bibliographical references.
906 _a7
_bcbc
_corignew
_d2
_eopcn
_f19
_gy-gencatlg
942 _2ddc
_cBK
999 _c40703
_d40703